Catalog

Record Details

Catalog Search



Nejsme stejní  Sociálně udržitelný model vztahů mezi muži a ženami  Cover Image Book Book

Nejsme stejní Sociálně udržitelný model vztahů mezi muži a ženami / Veronika Dziamová, ed.

Record details

  • ISBN: 978-80-904040-0-7
  • ISBN: (Brož.)
  • Physical Description: 107 s. : il.
  • Publisher: Praha : Evangelikální teologický seminář - vyšší odborná škola teologická, [2008?]

LDR 01028nam a2200313 a 4500
00117185
003CZ-PrJAB
00520200407091156.0
007ta
008070815s2008 xr |||||||||||||0|||cze
020 . ‡a 978-80-904040-0-7 ‡a(Brož.)
040 .ABG312 ‡bcze
035 . ‡a(CONS)17185
035 . ‡a(CZ PrSKC)000611095
080 . ‡a316.346.2 ‡2MRF
1001 . ‡aDziamová, Veronika ‡7jx20070810005 ‡4aut
24510. ‡aNejsme stejní ‡bSociálně udržitelný model vztahů mezi muži a ženami / ‡cVeronika Dziamová, ed.
260 . ‡aPraha : ‡bEvangelikální teologický seminář - vyšší odborná škola teologická, ‡c[2008?]
300 . ‡a107 s. : ‡bil.
6530 . ‡avztahy mužů a žen
6530 . ‡asociální model
910 . ‡aABG312
901 . ‡a17185 ‡bCZ-PrJAB ‡c17185 ‡tbiblio

Additional Resources